| 000 | 00553nam a2200205Ia 4500 | ||
|---|---|---|---|
| 003 | OSt | ||
| 005 | 20230504141728.0 | ||
| 008 | 210423s2005 xx 000 0 und d | ||
| 020 | _a70586152 | ||
| 040 | _cAL | ||
| 041 | _aeng | ||
| 082 | _a576 ALCI | ||
| 100 |
_aALCAMO (I Edward). _997672 |
||
| 245 | _aSchaums outline of theory and problems of microbiology. | ||
| 260 |
_aNew Delhi _bTata McGrawhill _c2005 |
||
| 300 |
_aiv,409 _bPB |
||
| 365 |
_b225 _cINR |
||
| 906 | _amicrobiology. ; outline ; problems ; Schaums ; theory | ||
| 942 |
_2ddc _cBK |
||
| 999 |
_c163219 _d163219 |
||